000
00226 a2200097 4500
001
46997
100
_a
Tompkings J
245
_a
The Weapons of World War (Vol-III)
260
_a
London
_b
Robert Hale
_c
090
_c
30066
_d
30066
942
_a
NUST-CAE
_c
M
_c
22299
999
_c
282070
_d
282070